Juvenile Justice Quiz by JJ India Updates - Statistics

General Stats
  • This quiz has been taken 388 times
  • The average score is 5 of 10
Answer Stats
Question Answer % Correct
How many sections are there in the JJ Act 2015 112
80%
Which word has the longest definition in JJ Act 2015 Child in Need of Care and Protection
80%
How many chapters are there in the JJ Act 2015 10
64%
JJ Act 2015 was brought into force on which date? 15.01.2016
63%
Which Section in JJ Act 2015 has maximum number of Sub-Sections? 2
45%
Which chapter of JJ Act 2015 has only one Section? Chapter 2
41%
Which word is not used anywhere in the JJ Act, 2015 Arrest
29%
How many Sections in JJ Act, 2015 have no sub-sections, no proviso, no explanation ? 17
27%
How many Acts ( other than JJ Act 2015) are mentioned in JJ Act 2015.? 12
20%
Which is the shortest section in JJ Act, 2015? 34
13%
No matching quizzes found
Score Distribution
Percent of People with Each Score
Percentile by Number Answered
Your Score History
You have not taken this quiz